000 00651nam a2200229Ia 4500
003 GCL
008 140319s9999 xx 000 0 ara d
040 _aGCL /
_cGCL
082 0 4 _a350
_bم ا
100 1 _aمحسن احمد الخضيرى
245 1 0 _aادارة التغيير /
_cمحسن احمد الخضيرى
260 _a[S.N] :
_bالدار الفنية ،
_c1993
300 _a184 ص
490 _a
650 0 4 _aالاقتصاد
650 0 4 _aالادارة
650 0 4 _aالارادة
650 0 4 _aالاجتماع
650 0 4 _aالتغيير الاقتصادى
650 0 4 _aادارة التغيير
942 _2ddc
_cBK
999 _c28635
_d28635